| 000 | 01083nam a2200289 i 4500 | ||
|---|---|---|---|
| 001 | 185343 | ||
| 003 | SpMaBN | ||
| 005 | 20240408152311.0 | ||
| 008 | 160523s2014 sp |||| |dfre d | ||
| 020 | _a978-84-942755-3-1 | ||
| 080 | _a821.133.1-14"19"(082.2) | ||
| 245 | 0 | 0 |
_aQuince poetas franceses contemporáneos _b: antología bilingüe / _cselección, traducción e introducción de Jeanne Marie ; prólogo de Philippe Biget. |
| 246 | 3 | _a15 poetas franceses contemporáneos | |
| 250 | _a1ª ed. | ||
| 260 |
_aMadrid : _bLibros del Aire, _c2014. |
||
| 300 |
_a223 p. ; _c22 cm. |
||
| 490 | 1 |
_aJardín cerrado ; _v5/2014 |
|
| 546 | _aTextos en francés y traducción en español. | ||
| 650 | 7 |
_aPoesía francesa- _yS.XX _2 _916181 |
|
| 700 | 1 |
_aMarie, Jeanne. _9159614 |
|
| 700 | 1 |
_aBiget, Philippe. _9159615 |
|
| 830 | 0 |
_aJardín cerrado ; _v5/2014 _9191108 |
|
| 852 |
_aES-MaACL _jA-13774 _9192369 _bR.151009 _cDEPO1 _dOlim: N-6774 _hDonación: Miguel Losada |
||
| 903 |
_aLosada, Miguel _ednr _974261 |
||
| 942 |
_2udc _cMONOGRAFIA |
||
| 999 |
_c185343 _d185343 |
||